00788nam a22002417a 450000500170000001000110001702000100002803500110003803700180004904000120006708200150007910000200009424500770011426000420019127000300023330000290026350000190029265000420031170000250035394200240037899900190040295201250042120170124105912.0 a193016 c00.00 a193016 bCen Lib / Ret aDPLbEN a470.3bBUR aBurrow, T.9203 aA Dravidian etymological dictionary / cby T. Burrow [and] M. B. Emeneau a OxfordbAt the clarendon pressc1961 aOxford universitybLondon axxix, 609p. c22cm (Hb) aIncludes index aDravidian dictionaryvDictionary9204 aEmeneau,M.B.9105479 2ddccENh470.3mBUR c122536d122536 001040718REFaLbLd2015-05-27eCen Lib/Retg0.00l0o470.3 BURp193016r2015-05-27 00:00:00t1v0.00w2015-05-27yEN